书目信息 |
| 题名: |
康德与《纯粹理性批判》
|
|
| 作者: | 加德纳 著 ;蒋明磊 译 | |
| 分册: | ||
| 出版信息: | 北京 中国人民大学出版社 2018 |
|
| 页数: | 403页 | |
| 开本: | 22cm | |
| 丛书名: | 西方传统 经典与解释 | |
| 单 册: | ||
| 中图分类: | B516.31 , B081.2 | |
| 科图分类: | ||
| 主题词: | 认识论--ren shi lun--研究 , 先验论--xian yan lun--研究 | |
| 电子资源: | ||
| ISBN: | 978-7-300-24984-1 | |
| 000 | 01691nam 2200337 450 | |
| 001 | 012001009131 | |
| 005 | 20140101115607.0 | |
| 010 | @a978-7-300-24984-1@b精装@dCNY79.80 | |
| 099 | @aCAL 012018100189 | |
| 100 | @a20180824d2018 em y0chiy50 ea | |
| 101 | 1 | @achi@ceng |
| 102 | @aCN@b110000 | |
| 105 | @ay a 001yy | |
| 106 | @ar | |
| 200 | 1 | @a康德与《纯粹理性批判》@Akang de yu《 chun cui li xing pi pan》@f(英) 塞巴斯蒂安·加德纳著@d= Kant and the critique of pure reason@fSebastian Gardner@g蒋明磊译@zeng |
| 210 | @a北京@c中国人民大学出版社@d2018 | |
| 215 | @a403页@d22cm | |
| 225 | 2 | @a西方传统 经典与解释@Axi fang chuan tong jing dian yu jie shi@i启蒙研究丛编 |
| 320 | @a有书目 (第329-348页) 和索引 | |
| 330 | @a这本书是加德纳教授所撰的《纯粹理性批判》的中型导读。康德专家保罗·盖耶誉之为“二十多年以来所写的最佳导读”。这本书分成三个部分。第一部分是对康德生平和《纯粹理性批判》背景的介绍,最后部分阐述了康德对后世思想家的影响。两个部分,一个承前,一个启后,写来要言不烦,错落有致,把康德哲学的来龙去脉说得十分周到,颇见作者的思想史功力。这本书的第二部分是核心。加德纳大体遵循亨利希-艾利森的解读路数,与斯特劳森-盖耶的不同,基本上反映了英美康德学界的主流见解。 | |
| 410 | 0 | @12001 @a西方传统 经典与解释@i启蒙研究丛编 |
| 500 | 10 | @aKant and the critique of pure reason@mChinese |
| 600 | 1 | @a康德@Akang de@g(Kant, Immanuel),@f1724-1804@x哲学思想@x研究 |
| 606 | 0 | @a认识论@Aren shi lun@x研究 |
| 606 | 0 | @a先验论@Axian yan lun@x研究 |
| 690 | @aB516.31@v5 | |
| 690 | @aB081.2@v5 | |
| 701 | 1 | @a加德纳@Ajia de na@g(Gardner, Sebastian)@4著 |
| 702 | 0 | @a蒋明磊@Ajiang ming lei@4译 |
| 801 | 0 | @aCN@b上海新华@c20191020 |
| 905 | @b1187136-9@dB516.31@e227@f4 | |
| 康德与《纯粹理性批判》/(英) 塞巴斯蒂安·加德纳著= Kant and the critique of pure reason/Sebastian Gardner/蒋明磊译.-北京:中国人民大学出版社,2018 |
| 403页;22cm.-(西方传统 经典与解释.启蒙研究丛编) |
| ISBN 978-7-300-24984-1(精装):CNY79.80 |
| 这本书是加德纳教授所撰的《纯粹理性批判》的中型导读。康德专家保罗·盖耶誉之为“二十多年以来所写的最佳导读”。这本书分成三个部分。第一部分是对康德生平和《纯粹理性批判》背景的介绍,最后部分阐述了康德对后世思想家的影响。两个部分,一个承前,一个启后,写来要言不烦,错落有致,把康德哲学的来龙去脉说得十分周到,颇见作者的思想史功力。这本书的第二部分是核心。加德纳大体遵循亨利希-艾利森的解读路数,与斯特劳森-盖耶的不同,基本上反映了英美康德学界的主流见解。 |
| ● |
| 相关链接 |
|
|
|
|
正题名:康德与《纯粹理性批判》
索取号:B516.31/227
 
预约/预借
| 序号 | 登录号 | 条形码 | 馆藏地/架位号 | 状态 | 备注 |
| 1 | 1187136 | 211871367 | 第一样本阅览室/ [索取号:B516.31/227] | 在馆 | |
| 2 | 1187137 | 211871376 | 第一借阅区/ [索取号:B516.31/227] | 在馆 | |
| 3 | 1187138 | 211871385 | 第一借阅区/ [索取号:B516.31/227] | 在馆 | |
| 4 | 1187139 | 211871394 | 第一借阅区/ [索取号:B516.31/227] | 在馆 |